00711nam a2200181 i 450000100060000000300090000600500170001500700030003200800410003504000200007610000200009624501590011624601030027526000700037830000270044865000320047585200220050753209ES-MaACL20230906162727.0t|950915s1856 fr |||| | fre d aCAM bspa cCAM1 aDu Molin, J. B.10aFlore poétique ancienne ou Etudes sur les plantes, les plus difficiles áa recognaître des poetes anciens, grecs et latins... / cpar J. B. Du Molin.30aEtudes sur les plantes, les plus difficiles áa recognaître des poetes anciens, grecs et latins aParis : bJ. B: Baillière, c1856 (fimprimerie de L. Martinet) a[8], 320 p. ; c22 cm. 4aPlantas-xEn la literatura. aES-MaACLjG-11914